00642nam a2200193Ia 4500952013500000999001500135003000400150005001700154008004100171020001500212040000900227082001800236100002800254245005800282260004400340300000900384650001300393942004200406 00102ddc40708COMMERCEaMESbMEScCOMMd2019-02-20g135.00l0o380.03 RED/Ap34352r2019-02-20 00:00:00w2019-02-20yBKzGL52R4 c7579d7579OSt20201020160219.0190216s9999||||xx |||||||||||||| ||und|| a8185185123 coclc a380.03bRED/A aRedfield, Michael91140 0aAcademic's Dictionary Of Commerce /cMichael Redfield bAcademic Publishers,c2009.aNew Delhi: a371p aCommerce cBK2ddch380.03iRED/Ak380.03mRED/A